[Event "Warsaw Legion op"]
[Site "Warsaw"]
[Date "1990.??.??"]
[Round "?"]
[White "Lados, Piotr"]
[Black "Szyszko, Ignacy"]
[Result "0-1"]
[WhiteElo "2250"]
[BlackElo "2285"]
[PlyCount "56"]
[EventDate "1990.??.??"]
[EventType "swiss"]
[EventRounds "9"]
[EventCountry "POL"]
[SourceTitle "EXT 1997"]
[Source "ChessBase"]
[SourceDate "1996.11.15"]
[SourceVersion "1"]
[SourceVersionDate "1996.11.15"]
[SourceQuality "1"]

1. d4 d5 2. Nf3 Nf6 3. c4 e6 4. Nc3 Be7 5. Bg5 0-0 6. e3 b6 7. Qb3 Bb7 8. Bxf6 Bxf6 9. cxd5 exd5 10. Be2 Re8 11. 0-0 c6 12. Rfd1 Qd6 13. Ne1 Nd7 14. Bf3 Be7 15. Nd3 Qh6 16. Qa4 Bd6 17. g3 Nf6 18. b4 Ne4 19. Qc2 Rac8 20. a4 Ba6 21. Rab1 Qf6 22. Bxe4 dxe4 23. Ne5 Bxe5 24. Nxe4 Qf5 25. dxe5 Rxe5 26. f3 Qxf3 27. Nf2 Rxe3 28. Rd2 Rce8 0-1

[Event "Warsaw Legion op"]
[Site "Warsaw"]
[Date "1990.??.??"]
[Round "?"]
[White "Szyszko, Ignacy"]
[Black "Barwinski, Dionizy"]
[Result "1-0"]
[WhiteElo "2285"]
[BlackElo "2230"]
[PlyCount "75"]
[EventDate "1990.??.??"]
[EventType "swiss"]
[EventRounds "9"]
[EventCountry "POL"]
[SourceTitle "EXT 1997"]
[Source "ChessBase"]
[SourceDate "1996.11.15"]
[SourceVersion "1"]
[SourceVersionDate "1996.11.15"]
[SourceQuality "1"]

1. d4 Nf6 2. c4 e6 3. Nc3 Bb4 4. Qc2 0-0 5. Bg5 d5 6. e3 Nbd7 7. cxd5 exd5 8. Bd3 h6 9. Bh4 c6 10. Nf3 Re8 11. g4 g5 12. Bg3 Ne4 13. a3 Bxc3+ 14. bxc3 Ndf6 15. Ne5 Qa5 16. f3 Qxc3+ 17. Qxc3 Nxc3 18. Kd2 Na4 19. h4 Be6 20. Rh2 Kg7 21. Rah1 Rh8 22. Nxc6 gxh4 23. Be5 Nb2 24. Ne7 Nxd3 25. Kxd3 Rae8 26. Nf5+ Bxf5+ 27. gxf5 Rxe5 28. dxe5 Nd7 29. f4 Rc8 30. Rxh4 Rc6 31. f6+ Kf8 32. Rxh6 Nc5+ 33. Ke2 Ke8 34. Rd1 Ne4 35. Rh8+ Kd7 36. Rxd5+ Ke6 37. Rd4 Kf5 38. Kf3 1-0